| Record ID | marc_loc_2016/BooksAll.2016.part26.utf8:79874350:902 |
| Source | Library of Congress |
| Download Link | /show-records/marc_loc_2016/BooksAll.2016.part26.utf8:79874350:902?format=raw |
LEADER: 00902cam a2200301 a 4500
001 97065136
003 DLC
005 20030819100928.0
006 m m
007 coucgu
008 970812s1997 inua 001 0 eng d
010 $a 97065136
020 $a1575212994 (pbk.) :$c$49.99 ($70.95 Can.)
035 $a(OCoLC)37604493
040 $aCCarl$cCCarl$dNBuBE$dDLC
042 $alccopycat
050 04 $aQA76.76.H94$bH765 1997
082 00 $a005.7/2$221
245 00 $aHTML unleashed /$cRick Darnell ... [et al.].
246 14 $aHTML 4 unleashed
246 18 $aHTML 4 unleashed
250 $a1st ed.
260 $aIndianapolis, IN :$bSams.net,$cc1997.
300 $axxxvii, 1030 p. :$bill. ;$c24 cm. +$e1 computer laser optical disc (4 3/4 in.)
500 $aIncludes index.
650 0 $aHTML (Document markup language)
650 0 $aWorld Wide Web.
700 1 $aDarnell, Rick,$d1966-